| 000 | 00800nam a22002297a 4500 | ||
|---|---|---|---|
| 999 |
_c4920 _d4920 |
||
| 003 | AR-CdUCM | ||
| 008 | 190311b ||||| |||| 00| 0 spa d | ||
| 040 |
_aMUNICIPALIDAD PROVINCIAL DEL CUSCO _cBIBLIOTECA MUNICIPAL DEL CUSCO |
||
| 082 |
_a290.3 / _bP45 |
||
| 100 |
_aPerez Rioja, J. A. _915105 |
||
| 245 |
_aDiccionario de símbolos y mitos : _blas ciencias y las artes en su expresión figurada / |
||
| 260 |
_aMadrid : _bTecnos, _c1962. |
||
| 300 |
_a366 páginas ; _bimágenes. _c24 cm. |
||
| 505 | _aClasificación de mitos y símbolos religiosos -- Diccionario general alfabético -- Bibliográfica. | ||
| 650 |
_aReligión. _91195 |
||
| 650 |
_aDiccionario. _95196 |
||
| 650 |
_aMitos. _912603 |
||
| 650 |
_aSímbolos. _9438 |
||
| 650 |
_aArte. _9561 |
||
| 942 |
_2ddc _cLIBROS |
||
| 945 | _awfj | ||